US Presidents By their Nicknames - Statistics

General Stats
  • This quiz has been taken 72 times
  • The average score is 7 of 10
Answer Stats
Nickname President % Correct
Honest Abe Abraham Lincoln
95%
Sleepy Joe Joe Biden
95%
Dubya George W Bush
82%
Jack John F Kennedy
82%
Silent Cal Calvin Coolidge
79%
Old Hickory Andrew Jackson
66%
Bubba Bill Clinton
61%
Dutch Ronald Reagan
55%
His Accidency John Tyler
44%
Young Hickory James K Polk
37%
No matching quizzes found
Score Distribution
Percent of People with Each Score
Percentile by Number Answered
Your Score History
You have not taken this quiz